000 00664nam a2200253Ia 4500
005 20250425161847.0
008 250425s9999 xx 000 0 und d
020 _a0875846513
041 _aeng
082 _a658.4012
100 _aKAPLAN, ROBERT S.
245 0 _aTHE BALANCED SCORECARD
250 _a1ST ED.
260 _aBOSTON
260 _aEstados Unidos
_bPRESIDENT AND FALLOWS OF HARVARD COLLEGE
_c1996
300 _a322
650 _aEVALUACION
650 _aORGANIZACION
650 _aPLANIFICACION ESTRATEGICA
650 _aPRODUCCION INDUSTRIAL
710 _aPRESIDENT AND FELLOWS OF HARVARD COLLEGE
942 _c01
010 _a32692
999 _c217604
_d217604